00274nam a2200109Ia 4500008004100000082001400041100002300055245003900078260003100117300000800148650000800156191201s2008 xx 000 0 und d a332.62JAO aJAIN, Naveen chand 0aOrganisational Change and Internal aN. DelhibAITBS Pub.c2008 a369 aBBA